Brain Computer Interface: (Record no. 536464)

000 -LEADER
fixed length control field 00500nam a22001457a 4500
082 ## - DEWEY DECIMAL CLASSIFICATION NUMBER
Classification number 621
100 ## - MAIN ENTRY--PERSONAL NAME
Personal name Hussain, Nasir
245 ## - TITLE STATEMENT
Title Brain Computer Interface:
Remainder of title Classification of EEG Signals for Wrist and Grip using Emotiv /
Statement of responsibility, etc. Nasir Hussain
260 ## - PUBLICATION, DISTRIBUTION, ETC.
Place of publication, distribution, etc. Islamabad :
Name of publisher, distributor, etc. CEME - NUST,
Date of publication, distribution, etc. 2016.
300 ## - PHYSICAL DESCRIPTION
Extent 90 p. ;
Dimensions 30cm.
650 ## - SUBJECT ADDED ENTRY--TOPICAL TERM
Topical term or geographic name entry element Mechatronics Engineering-MS-Thesis
700 ## - ADDED ENTRY--PERSONAL NAME
Personal name Dr. Mohsin Islam Tiwana
942 ## - ADDED ENTRY ELEMENTS (KOHA)
Source of classification or shelving scheme
Koha item type Thesis
650 ## - SUBJECT ADDED ENTRY--TOPICAL TERM
-- 16096
700 ## - ADDED ENTRY--PERSONAL NAME
-- 17344
Holdings
Withdrawn status Lost status Source of classification or shelving scheme Damaged status Not for loan Permanent Location Current Location Shelving location Date acquired Total Checkouts Full call number Barcode Date last seen Price effective from Koha item type
          Central Library (CL) Central Library (CL) Thesis 10/16/2020   621 CL-T-526 10/16/2020 10/16/2020 Thesis
© 2023 Central Library, National University of Sciences and Technology. All Rights Reserved.